书目信息 |
| 题名: |
脱口而出说英语
|
|
| 作者: | 周婵 编著 | |
| 分册: | ||
| 出版信息: | 南昌 江西教育出版社 2010.07 |
|
| 页数: | 167页 | |
| 开本: | 21cm | |
| 丛书名: | 疯狂英语书系 | |
| 单 册: | ||
| 中图分类: | H319.9 | |
| 科图分类: | ||
| 主题词: | 英语--ying yu--口语 | |
| 电子资源: | ||
| ISBN: | 978-7-5392-5641-2 | |
| 000 | 00926nam 2200277 450 | |
| 001 | 012011499589 | |
| 005 | 20110809104305.03 | |
| 010 | @a978-7-5392-5641-2@dCNY19.00 (含光盘) | |
| 010 | @a7-900463-40-2 | |
| 100 | @a20110801d2010 em y0chiy0120 ea | |
| 101 | 0 | @achi@aeng |
| 102 | @aCN@b360000 | |
| 105 | @ay z 000yy | |
| 106 | @ar | |
| 200 | 1 | @a脱口而出说英语@Atuo kou er chu shuo ying yu@d= Out loud English@f周婵编著@Fzhou chan bian zhu |
| 210 | @a南昌@c江西教育出版社@d2010.07 | |
| 215 | @a167页@d21cm@e光盘1片 | |
| 225 | 2 | @a疯狂英语书系@Afeng kuang ying yu shu xi@i口语系列 |
| 330 | @a本书精选经典实用句型100例,分为交际、日常生活、工作、学习和其他五部分。 | |
| 410 | 0 | @12001 @a疯狂英语书系@i口语系列 |
| 510 | 1 | @aOut loud English@zeng |
| 606 | 0 | @a英语@Aying yu@x口语 |
| 690 | @aH319.9@v4 | |
| 701 | 0 | @a周婵@Azhou chan@4编著 |
| 801 | 0 | @aCN@bQSSK@c20110809 |
| 905 | @b794505-07@dH319.9@eZ755@f3 | |
| 脱口而出说英语= Out loud English/周婵编著.-南昌:江西教育出版社,2010.07 |
| 167页;21cm+光盘1片.-(疯狂英语书系.口语系列) |
| ISBN 978-7-5392-5641-2:CNY19.00 (含光盘) |
| 本书精选经典实用句型100例,分为交际、日常生活、工作、学习和其他五部分。 |
| ● |
| 相关链接 |
|
|
|
正题名:脱口而出说英语
索取号:H319.9/Z755
 
预约/预借
| 序号 | 登录号 | 条形码 | 馆藏地/架位号 | 状态 | 备注 |
| 1 | 794505 | 207945054 | 语言库209/209语言库 114排1列4层/ [索取号:H319.9/Z755] | 在馆 | |
| 2 | 794506 | 207945063 | 语言库209/209语言库 114排1列4层/ [索取号:H319.9/Z755] | 在馆 | |
| 3 | 794507 | 207945072 | 语言库209/209语言库 114排1列4层/ [索取号:H319.9/Z755] | 在馆 |